Countries With the Letter T - Statistics

General Stats
  • This quiz has been taken 106 times
    72 since last reset
  • The average score is 56 of 69
Answer Stats
Countries % Correct
Thailand
98%
Tanzania
94%
Turkmenistan
94%
Tajikistan
92%
Turkey
92%
Togo
90%
Tonga
90%
United Statesof America
90%
Antigua andBarbuda
88%
Australia
88%
Austria
88%
Portugal
88%
South Africa
88%
Tuvalu
88%
Estonia
85%
Ethiopia
85%
Kazakhstan
85%
North Korea
85%
Trinidad andTobago
85%
United ArabEmirates
85%
Argentina
83%
Democratic Republicof the Congo
83%
Latvia
83%
Lithuania
83%
Malta
83%
Taiwan
83%
United Kingdom
83%
Vatican City
83%
Costa Rica
81%
Eswatini
81%
Italy
81%
Kiribati
81%
Republic ofthe Congo
81%
Saint Kitts and Nevis
81%
South Korea
81%
Afghanistan
79%
Eritrea
79%
Kuwait
79%
Lesotho
79%
Mauritania
79%
Netherlands
79%
Pakistan
79%
Saint Lucia
79%
Saint Vincent andthe Grenadines
79%
Vietnam
79%
Djibouti
77%
East Timor
77%
Egypt
77%
Guatemala
77%
North Macedonia
77%
Vanuatu
77%
Botswana
75%
Central AfricanRepublic
75%
Croatia
75%
Equatorial Guinea
75%
Haiti
75%
Kyrgyzstan
75%
Mauritius
75%
Sao Tome andPrincipe
75%
South Sudan
75%
Switzerland
75%
Uzbekistan
75%
Montenegro
73%
Liechtenstein
71%
Tunisia
71%
Bhutan
69%
Federated Statesof Micronesia
67%
Ivory Coast
67%
Qatar
65%
No matching quizzes found
Score Distribution
Percent of People with Each Score
Percentile by Number Answered
Your Score History
You have not taken this quiz since the last reset